| 000 | 00505 a2200193 4500 | ||
|---|---|---|---|
| 003 | Nust | ||
| 005 | 20170207153422.0 | ||
| 010 | _a 80008417 | ||
| 020 | _a0064601978 (pbk.) : | ||
| 040 | _cNust | ||
| 082 | 0 | 0 | _a364 |
| 100 | 1 | _aSilver, Isidore. | |
| 245 | 1 | 0 |
_aCriminology : _ban introduction / _cIsidore Silver. |
| 250 | _a1st ed. | ||
| 260 |
_aNew York : _bBarnes & Noble Books, _cc1981. |
||
| 300 |
_ax, 259 p. ; _c21 cm. |
||
| 490 | 0 |
_aBarnes & Noble outline series ; _vCOS 197 |
|
| 650 | 0 | _aCriminology. | |
| 942 |
_2ddc _cBK |
||
| 999 |
_c185764 _d185764 |
||